Normal view
MARC view
- Rawls, Walton H.
Entry Personal Name
001 - CONTROL NUMBER
- control field: 153702
003 - CONTROL NUMBER IDENTIFIER
- control field: DLC
005 - DATE AND TIME OF LATEST TRANSACTION
- control field: 20260416094642.0
008 - FIXED-LENGTH DATA ELEMENTS
- fixed length control field: 811117n| acannaab| |a aaa |||
010 ## - LIBRARY OF CONGRESS CONTROL NUMBER
- LC control number: n 81089200
040 ## - CATALOGING SOURCE
- Original cataloging agency: DLC
- Transcribing agency: DLC
100 10 - HEADING--PERSONAL NAME
- Personal name: Rawls, Walton H.
400 10 - SEE FROM TRACING--PERSONAL NAME
- Personal name: Rawls, Walton
670 ## - SOURCE DATA FOUND
- Source citation: Long Island Historical Society. The century book ... c1964.
670 ## - SOURCE DATA FOUND
- Source citation: His The great book of Currier & Ives' America, c1979:
- Information found: t.p. (Walton Rawls)



